Statistics for Mean-Spirited Trick Questions

Click here to take the quiz!

General Stats

  • This quiz has been taken 26 times
  • The average score is 9 of 15

Answer Stats

HintExplanationAnswer% Correct
About what percentage of people exposed to the 1918 Spanish Flu died?Only a handful of Spanish Flu survivors are still alive.100%
86%
Half of a circle is called a semicircle. What is half a square called?Who cuts a square in half to make a trapezoid?A Rectangle/A Triangle
81%
What common term is often used to refer to pastas, forcemeats, berries, and sushi?They are all things that are eaten!Food
81%
What do you call a bicycle that only has one wheel?A bicycle that's missing a wheel isn't of much use.Broken/Incomplete
76%
What is the largest Chinese region?Countries are politically defined regions.China
71%
Who was president after President F.D. Roosevelt's unprecedented third term ended?He died two months into his fourth term.Franklin Roosevelt
67%
What was the most commonly used nickname for President Jimmy Carter?His name was James, even if he officially went by Jimmy.Jimmy
62%
What does the human body require most urgently to survive when in a desert environment?You can survive only about 5 minutes without oxygen.Oxygen
62%
In high schools, most 17-year-olds are juniors, most 18-year-olds are seniors, and most 19-year-olds are super seniors. What is the most common term for those even older than super seniors?Most people in high schools who are over 19 are teachers.Teacher
62%
What do you call a scarf that has frayed ends that are tied off into tassles?Scarfs are scarfs.A Scarf
57%
What does the "D" stand for in D-Day?Day-Day.Day
52%
What condition makes it impossible for any dinosaur to see stationary objects?You can't see me if you're extinct.Extinction
52%
What do you call those things you use to see at an operahouse?You use your eyes to see in most places.Eyes
52%
What does Venezuela have more of than any other country?Are there many Venezuelans elsewhere?Venezuelans
52%
What's the longest the average American goes without blinking in a day, on average?People don't blink when they're asleep!7 Hours
14%

Score Distribution

Percentile by Number Answered

Percent of People with Each Score

Your Score History

You have not taken this quiz